A társadalmi felelősségvállalás vizsgálata a magyarországi telekommunikációs vállalatok gyakorlatában

Bibliográfiai részletek
Szerző: Gál Judit Gyopár
További közreműködők: Somogyi Dr. Aliz
Dokumentumtípus: Diplomadolgozat
Kulcsszavak:CSR, vállalalti társadalmi felelősségvállalás
Zöld iroda
Telekommunikáció
Online Access:http://dolgozattar.uni-bge.hu/11202

MARC

LEADER 00000nta a2200000 i 4500
001 dolg11202
005 20170512142750.0
008 170512suuuu hu om 000 hun d
040 |a BGE Dolgozattár Repozitórium  |b hun 
041 |a hu 
100 1 |a Gál Judit Gyopár 
245 1 2 |a A társadalmi felelősségvállalás vizsgálata a magyarországi telekommunikációs vállalatok gyakorlatában  |c Gál Judit Gyopár  |h [elektronikus dokumentum] 
695 |a CSR, vállalalti társadalmi felelősségvállalás 
695 |a Zöld iroda 
695 |a Telekommunikáció 
700 1 |a Somogyi Dr. Aliz  |e ths 
856 4 0 |u http://dolgozattar.uni-bge.hu/11202/1/G%C3%A1l%20Judit%20Gyop%C3%A1r%20Szakdolgozat.pdf  |z Dokumentum-elérés 
856 4 0 |u http://dolgozattar.uni-bge.hu/11202/2/Scannelt%20PDF.pdf  |z Dokumentum-elérés